000 01304nam0a22003371 4500
001 RU\NLR\INFOCOMM5\ROSSICA\1000295151
005 20260408084106.0
035 _a(NLR Aleph) 009939372
090 _a10756196
_c10756196
100 _a20030508d1915 |||y0rusy50 ca
101 0 _afre
102 _aRU
105 _ay z|||000ay
200 1 _aPendant la querre
_epoésies
_aLe volontaire
_epièce patriotique en 1 acte et en vers
_e1914-1915
_fPaul Berthier
210 _a[Pétrograde?
_cs.n
_d1915]
215 _d
317 _aЭкз. РНБ (160/205, 160/206): Из Библиотеки Издательства "Всемирная литература"
_5160/205, 160/206
700 1 _aBerthier
_bP.
_gPaul
_4070
712 0 2 _4390
_a"Всемирная литература", издательство
_cЛенинград
_bБиблиотека
_3RU\NLR\AUTH\8810182036
_9860693
801 1 _aRU
_bInfoComm
_c20030508
801 0 _aRU
_bNLR
_gPSBO
830 _aЭкз. "Всемирной лит." описан по карточке каталога Отделения "Б-ка всемирной лит."
852 _aNLR
_j30.4.12.60
852 _aNLR
_j160/205
852 _aNLR
_j160/206
942 _cBOOK
980 _aNB
980 _aWL
980 _aRossica